000 00691cam a2200229 a 4500
001 000001188
005 20200929145512.0
008 820208s1956 maua 000 0 eng
040 _aDO-SdBNP
_cNjTS
_dDLC
050 0 0 _aQA39
_b.B3943 1956
082 _a510
_bB565e
100 1 _aBetz, William,
_d1879-
_94040
245 1 0 _aEveryday general mathematics /
_cWilliam Betz... [et al].
260 _aBoston :
_bGinn and Company,
_c1956.
300 _a435 p. :
_bil. ;
_c24 cm.
500 _a"Book One".
650 0 _aMathematics.
_94041
700 1 _aBrown Miller, A.
_94042
700 1 _aBrooks Miller, F.
_94043
700 1 _aMitchell, Elizabeth B.
_94044
700 1 _aCarlisle Taylor, H.
_94045
999 _c1139
_d1139